000 01523nam a22002297a 4500
999 _c62169
_d62169
003 Ge_BSU
005 20240725145548.0
008 240725s2024 ge ||||| |||| 00| 0 geo d
041 _ageo
080 _a54 ა-14
100 _aაბაშიძე,ნონა
_922968
245 _aდასავლეთ საქართველოში გავრცელებული თაფლის ბიოლოგიურად აქტიური კვლევა UPLC მეთოდებით /
_cნონა აბაშიძე, სამეცნ.ხელმძღვ.ინდირა ჯაფარიძე
264 _aბათუმი:
_bბათუმის შოთა რუსთაველის სახელმწიფო უნივერსიტეტი,
_c2024.
300 _a147 გვ.:
_bცხრ; დიაგ;
_c30სმ.
653 _aქიმია
653 _aდისერტაცია
700 _aჯაფარიძე,ინდირა
_eსამეცნიერო ხელმძღვანელი
_922969
710 _aბათუმის შოთა რუსთაველის სახელმწიფო უნივერსიტეტი
_922970
710 _aსაბუნებისმეტყველო მეცნიერებათა და ჯანდაცვის ფაკულტეტი
_922971
710 _aქიმიის დეპარტამენტი
_922972
942 _2udc
_cDS